000 00701nam a2200205 4500
999 _c2699
_d2699
001 2699
003 BD-JhCC
005 20171106094246.0
008 171106b1994 bg ||||| |||| 00| 0 ben d
035 _a(BD-JhCC)
040 _aBD-JhCC
_dBD-JhCC
041 _aben
082 _a.012
_b1994
245 _aনজরুল-গ্রস্থপঞ্জী ও নজরুল-বিষয়ক গ্রন্থাবলী /
_cনজরুল ইন্সটিটিউট
260 _aঢাকা :
_bনজরুল ইন্সটিটিউট ;
_c১৯৯৪
300 _a১০২ পৃ.;
_c২২ সেমি
650 _aBiblography
650 _aKazi Nazrul Islam
942 _2ddc
_cBK